Communication For Society (Record no. 86950)

MARC details
000 -LEADER
fixed length control field 00668nam a22002057a 4500
003 - CONTROL NUMBER IDENTIFIER
control field URS
005 - DATE AND TIME OF LATEST TRANSACTION
control field 20250929105440.0
008 - FIXED-LENGTH DATA ELEMENTS--GENERAL INFORMATION
fixed length control field 250929b |||||||| |||| 00| 0 eng d
020 ## - INTERNATIONAL STANDARD BOOK NUMBER
International Standard Book Number 978-971-23-8668-8
040 ## - CATALOGING SOURCE
Original cataloging agency DLC
Language of cataloging DLC
Transcribing agency DLC
Modifying agency URS
082 ## - DEWEY DECIMAL CLASSIFICATION NUMBER
Edition number 1st edition
Classification number 362.2
Item number Uy1 2018
100 ## - MAIN ENTRY--PERSONAL NAME
Personal name Uychoco, Marikit Tara A.
245 ## - TITLE STATEMENT
Title Communication For Society
Remainder of title Purposive Communication
Statement of responsibility, etc. Marikit Tara A. Uychoco
260 ## - PUBLICATION, DISTRIBUTION, ETC.
Place of publication, distribution, etc. Sampaloc, Manila:
Name of publisher, distributor, etc. Rex Book Store, Inc. (RBSI),
Date of publication, distribution, etc. 2018
300 ## - PHYSICAL DESCRIPTION
Extent xii, 232 pages;
Dimensions 25 cm
504 ## - BIBLIOGRAPHY, ETC. NOTE
Bibliography, etc. note includes bibliography and index.
648 ## - SUBJECT ADDED ENTRY--CHRONOLOGICAL TERM
Chronological term Communitaion--Study and Teaching
700 ## - ADDED ENTRY--PERSONAL NAME
Personal name Santos, Maria Lorena
942 ## - ADDED ENTRY ELEMENTS (KOHA)
Source of classification or shelving scheme Dewey Decimal Classification
Koha item type Filipiniana
Holdings
Withdrawn status Source of classification or shelving scheme Damaged status Not for loan Collection code Home library Current library Shelving location Date acquired Total Checkouts Full call number Barcode Date last seen Price effective from Koha item type
  Dewey Decimal Classification     Reference Pililla College Library Pililla College Library New Materials Shelf 09/29/2025   362.2 Uy1 2018 URSPIL-7318 09/29/2025 09/29/2025 Filipiniana

University of Rizal System
Email us at univlibservices@urs.edu.ph

Visit our Website www.urs.edu.ph/library